000
00304nam a22001217a 4500
008
190314b xxu||||| |||| 00| 0 eng d
041
_a
eng
080
_a
043.3
100
_a
0
101
_a
SHKI-BA
245
_a
Roli i Scrum Master-it në procesin e zhvillimit softuerik
_c
Krasniqi,J
942
_2
udc
_c
BK
999
_c
54782
_d
54782